Vocabulaire illustré Exerçons nous. 350 exercices - niveau débutant

में बचाया:
ग्रंथसूची विवरण
मुख्य लेखक: Filpa-Ekvall, Dominique
अन्य लेखक: Prouillac, Francis
स्वरूप: पुस्तक
प्रकाशित: Vanvesris Hachette 1992
विषय:
टैग : टैग जोड़ें
कोई टैग नहीं, इस रिकॉर्ड को टैग करने वाले पहले व्यक्ति बनें!
Thư viện lưu trữ: Trung tâm Học liệu Lê Vũ Hùng, Trường Đại học Đồng Tháp
LEADER 00805pam a22002538a 4500
001 00032172
005 20171026081025.0
008 140519s1992 |||||| sd
020 # # |a 2010198611 
041 0 # |a fra 
082 1 4 |a 448  |b V401I 
100 1 # |a Filpa-Ekvall, Dominique 
245 1 0 |a Vocabulaire illustré  |c  Dominique Filpa-Ekvall, Francis Prouillac  |b Exerçons nous. 350 exercices - niveau débutant 
260 # # |a  Vanvesris  |b Hachette  |c 1992 
300 # # |a 143 tr.  |c 29 cm.  |b minh họa 
653 # # |a Tiếng Pháp 
653 # # |a Tự học 
653 # # |a Từ vựng 
700 1 # |a Prouillac, Francis 
852 # # |b Kho đọc  |j KD.0015873 
852 # # |j KD.0015873 
910 |d 19/5/2014 
980 # # |a Trung tâm Học liệu Lê Vũ Hùng, Trường Đại học Đồng Tháp